000 01301nam a22002657a 4500
999 _c2783
_d2783
003 AR-CdUCM
008 190305b ||||| |||| 00| 0 spa d
020 _a8401385520
040 _aMUNICIPALIDAD PROVINCIAL DEL CUSCO
_cBIBLIOTECA MUNICIPAL DEL CUSCO
082 _a839.97 /
_bF77
100 _aFosnes Hansen, Erik
_99692
245 _aHimno al final del viaje /
260 _aEspaña :
_bPlaza y Janes,
_c1996.
300 _a456 páginas ;
_c22 cm.
505 _a Resumen: Nos cuenta la historia de los músicos que viajaban en el Titanic en su último viaje. Una bella historia de unos músicos que no dejaron de tocar en ningún momento a pesar de la tragedia que se vivía. Jason Croward es el director de la orquesta. Comparte un camarote, detrás del almacén de patatas, con seis músicos. Todos tienen algo en común: un pasado del que prefieren no hablar, tiempos duros y oscuros, ambiciones y sueños que acabarán en el fondo del mar.
650 _aLiteratura noruega
_99693
650 _aNarrativa - Noruega
_99694
650 _aSiglo XX
_98
650 _aTitanic - Ficción
_99695
650 _aNovelas históricas
_99696
700 _aBaggethun, Kirsti (Traductora)
_99697
700 _aLorenzo Torres, Asunción (Traductor)
_99698
942 _2ddc
_cLIBROS
945 _alccs